The story of land : a world history of land tenure and agrarian reform

Bibliographic Details
Main Author: Powelson, John P.
Format: Book
Published: Cambridge : The Lincoln Institute of Land Policy , 1988
Subjects:

MARC

LEADER 00000cam a2200000 7i4500
001 0000002501
005 20050503.0
040 |a INS 
090 0 0 |a HD1251.   |b P68 1988 
100 1 |a Powelson, John P. 
245 1 4 |a The story of land :   |b a world history of land tenure and agrarian reform   |c John P. Powelson 
260 |a Cambridge :   |b The Lincoln Institute of Land Policy ,   |c 1988 
300 |a xi, 347 p ;   |c 25 cm. 
650 0 0 |a Land reform   |x History 
650 0 0 |a Land tenure   |x History 
999 |a 0000003887   |b BOOK   |c Open Shelf   |e Default branch